The Walking Dead Jobs - Statistics

General Stats
  • This quiz has been taken 44 times
  • The average score is 35 of 67
Answer Stats
Question Answer % Correct
Glenn Rhee Pizza Delivery Boy
100%
Rick Grimes Deputy
98%
Shane Walsh Deputy
98%
Lori Grimes Housewife
95%
Merle Dixon Drug Dealer
93%
Amy Harrison College Student
90%
Carl Grimes Elementary School Student
90%
Beth Greene Farmhand
90%
Carol Peletier Housewife
90%
Maggie Greene Farmhand
88%
Daryl Dixon Unemployed
78%
Hershel Greene Veterinarian
78%
Abraham Ford Army Sergeant
76%
Andrea Harrison Civil Rights Lawyer
76%
Michonne Grimes Lawyer
76%
T-Dog Douglas Church Van Driver
73%
Gabriel Stokes Priest
73%
Morgan Jones Mechanic
68%
Dale Horvath Pensioner
66%
Negan Smith Gym Teacher
63%
Tara Chambler Police Academy Student
63%
The Governor Middle Management
61%
Milton Mamet Researcher
61%
Dwight Blue Collar Worker
59%
Jessie Anderson Hair Stylist
59%
Denise Cloyd Psychiatrist
59%
Tyreese Williams Former NFL Player
54%
Jim Mechanic
54%
Ezekiel Sutton Zookeeper
54%
Dawn Lerner Police Lieutenant
51%
Edwin Jenner Virologist at CDC
51%
Jacqui City Planner
49%
Olivia Coffee Shop Worker
49%
Bob Stookey Military Medic
49%
Pete Anderson Surgeon
49%
Anne Jadis Art Teacher
46%
Eugene Porter Educator
46%
Siddiq Resident Doctor
46%
Rosita Espinosa Soldier
46%
Michael Mercer U.S. Marine
46%
Beta Country Musician
44%
Lydia Elementary School Student
44%
Sasha Williams Firefigher
44%
Connie Investigative Journalist
44%
Yumiko Okumura Criminal Defense Attorney
41%
Luke Music Teacher
41%
Eastman Forensic Psychiatrist
37%
Mitch Dolgen Tank Operator
37%
Tomichi Okumara Thoracic Surgeon
34%
Caesar Martinez Gym Teacher
32%
Simon Mortgage Broker
32%
Paula Secretary
32%
Earl Sutton Blacksmith
29%
Gavin (Saviors) Construction Foreman
29%
Cydnie High School Student
29%
Pope Military Officer
27%
Pamela Milton Socialite
27%
Harlan Carson Gynecologist
24%
Lilly Chambler Oncology Nurse
24%
Gregory Business Owner
22%
Laura (Saviors) Medic
22%
Leah Shaw Mercenary
22%
Princess Record Store Worker
22%
Magna Truck Stop Waitress
22%
Deanna Monroe US Representative of Ohio
22%
Owen (Wolves) Bartender
10%
Aaron Politician
10%
No matching quizzes found
Score Distribution
Percent of People with Each Score
Percentile by Number Answered
Your Score History
You have not taken this quiz